| 000 | 01374nam1a2200325 4500 | ||
|---|---|---|---|
| 001 | RU\NLR\BIBL_A\022744661 | ||
| 005 | 20260426072842.0 | ||
| 035 | _a(NLR Aleph) 022744661 | ||
| 090 |
_a13693352 _c13693352 |
||
| 100 | _a20260426 rusy50 | ||
| 101 | 0 | _arus | |
| 102 | _aRU | ||
| 105 | _a||||z|||||||| | ||
| 181 | 0 |
_ai3 _baxxe |
|
| 182 | 0 | _an | |
| 200 | 1 |
_aИстория СССР. Лекции Льва Лурье _eшпаргалка по русской истории для любопытствующих _eсборник _fсост.: Л. Аркус |
|
| 203 |
_aТекст _bвизуальный _cнепосредственный |
||
| 210 |
_aСанкт-Петербург _cСеанс (Любовь Аркус) _d2025- |
||
| 215 | _d20 | ||
| 300 | _aНа обороте тит. с. в аннот. авт.: Лев Лурье, историк, журналист | ||
| 333 | _a16+ | ||
| 607 |
_aСССР _xИстория _9912491 _3RU\NLR\AUTH\6613829 |
||
| 686 | 1 | _aТ3(2)7,02 | |
| 700 | 1 |
_aЛурье _bЛ. Я. _f1950- _gЛев Яковлевич |
|
| 702 | 1 |
_aАркус _bЛ. Ю. _f1960- _gЛюбовь Юрьевна _4220 |
|
| 852 |
_aNLR _j2026-3/4391 |
||
| 942 | _cBOOK | ||
| 980 | _aNB | ||